Central Library OPAC University of Rajshahi

Introduction to Regression Time Series And Forecasting / (Record no. 46164)

MARC details
000 -LEADER
fixed length control field 00614nam a2200217 4500
001 - CONTROL NUMBER
control field 46164
003 - CONTROL NUMBER IDENTIFIER
rucl marc code rucl
005 - DATE AND TIME OF LATEST TRANSACTION
control field 20211209054121.0
008 - FIXED-LENGTH DATA ELEMENTS--GENERAL INFORMATION
fixed length control field 160801s2017 xxu||||| |||| 00| 0 eng d
020 ## - INTERNATIONAL STANDARD BOOK NUMBER
International Standard Book Number 9789849171430
035 ## - SYSTEM CONTROL NUMBER
System control number 46282
040 ## - CATALOGING SOURCE
Original cataloging agency eng
Language of cataloging eng
041 ## - LANGUAGE CODE
Language code of text/sound track or separate title eng
082 ## - DEWEY DECIMAL CLASSIFICATION NUMBER
Edition number 23
Classification number 519.55
Author mark and year IMI 2017
100 ## - MAIN ENTRY--PERSONAL NAME
Personal name Imon , A.H.M. Rahmatullah,
9 (RLIN) 141079
245 10 - TITLE STATEMENT
Title Introduction to Regression Time Series And Forecasting /
Statement of responsibility, etc. A.H.M. Rahmatullah Imon.
260 ## - PUBLICATION, DISTRIBUTION, ETC. (IMPRINT)
Place of publication, distribution, etc. Dhaka
Name of publisher, distributor, etc. Nandita Prokash
Date of publication, distribution, etc. 2017
300 ## - PHYSICAL DESCRIPTION
Pagination [9], 215p. :
Illustrations ill.
Size 21cm.
650 ## - SUBJECT ADDED ENTRY--TOPICAL TERM
Topical term or geographic name as entry element Time-series analysis.
9 (RLIN) 131067
942 ## - ADDED ENTRY ELEMENTS (KOHA)
Source of classification or shelving scheme Dewey Decimal Classification
Koha item type Books
Holdings
Lost status Source of classification or shelving scheme Damaged status Not for loan Permanent Location Current Location Date acquired Source of acquisition Cost, normal purchase price Total Checkouts Full call number Date last seen Copy number Koha item type
  Dewey Decimal Classification   Not For Loan Institute of Biological Sciences (IBSc) Library Institute of Biological Sciences (IBSc) Library 18/07/2016 Nandita Prokash 400.00   519.55 IMI 2017 01/08/2016 C-1 Books